| 000 | 00481nam a2200169Ia 4500 | ||
|---|---|---|---|
| 008 | 180921t2015 xxu||||| |||| 00| 0 sin d | ||
| 041 | _asin | ||
| 080 |
_a8ස2 _bARI |
||
| 100 |
_aMerlin Peris _etr. |
||
| 245 | _aනෙෆලායි නොහොත් වලාකුළු නාට්යය | ||
| 246 | _aNefalai Nohoth Walakulu Natya | ||
| 260 |
_bGodage _aColombo _c2015 |
||
| 300 | _b88p, 21cm | ||
| 942 | _cBK | ||
| 999 |
_c548 _d548 |
||
| 003 | LK-CoDNM | ||
| 040 |
_aLK-CoDNM _dLK-CoDNM _eLK-CoDNM |
||